000
00342nam a2200157Ia 4500
003
Ost
005
20260225132538.0
008
260225s9999||||xx |||||||||||||| ||und||
040
_c
fsic
041
_a
fre
082
_a
791.43
100
_a
Mohamed chouikh
_e
Auteur
245
0
_a
Scénario /
245
0
_c
Mohamed chouikh
942
_c
كتاب
999
_c
33355
_d
33355